[Event "Bundesliga 2324"]
[Site "Germany"]
[Date "2024.01.13"]
[Round "5.7"]
[White "Kurmann, Oliver"]
[Black "Georgiev, Kiril"]
[Result "1/2-1/2"]
[WhiteElo "2438"]
[BlackElo "2536"]
[PlyCount "53"]
[EventDate "2023.10.21"]
[EventType "team-tourn"]
[EventRounds "15"]
[EventCountry "GER"]
[SourceTitle "CB03_2024"]
[SourceDate "2024.01.17"]
[SourceVersion "1"]
[SourceVersionDate "2024.01.17"]
[SourceQuality "1"]
[WhiteTeam "Bayern Muenchen"]
[BlackTeam "Oetigheim"]
[WhiteTeamCountry "GER"]
[BlackTeamCountry "GER"]

1. e4 e5 2. Nf3 Nc6 3. Bb5 a6 4. Ba4 Nf6 5. 0-0 Be7 6. Re1 b5 7. Bb3 d6 8. c3 0-0 9. h3 Nb8 10. d4 Nbd7 11. Nbd2 Bb7 12. Bc2 Re8 13. Nf1 Bf8 14. Ng3 g6 15. b3 c6 16. a4 Qc7 17. Bg5 Bg7 18. Qd2 Nf8 19. Bd3 Ne6 20. Be3 Rad8 21. Qc2 Rc8 22. b4 Nd7 23. Rad1 Qb8 24. Qa2 Ba8 25. axb5 axb5 26. Qa5 Red8 27. Bf1 1/2-1/2

[Event "WchT Seniors 50"]
[Site "Struga"]
[Date "2023.09.28"]
[Round "9.1"]
[White "Georgiev, Kiril"]
[Black "Crocker, Philip J"]
[Result "1-0"]
[WhiteElo "2542"]
[BlackElo "2161"]
[PlyCount "89"]
[EventDate "2023.09.19"]
[EventType "team-swiss"]
[EventRounds "9"]
[EventCountry "MKD"]
[SourceTitle "EXT 2024"]
[Source "ChessBase"]
[SourceDate "2023.10.10"]
[SourceVersion "1"]
[SourceVersionDate "2023.10.10"]
[SourceQuality "1"]
[WhiteTeam "Macedonia Alkaloid 50"]
[BlackTeam "England 50 III"]
[WhiteTeamCountry "MKD"]
[BlackTeamCountry "ENG"]

1. d4 d5 2. c4 c6 3. Nf3 Nf6 4. Nc3 e6 5. e3 Nbd7 6. Bd3 dxc4 7. Bxc4 b5 8. Bd3 Bd6 9. 0-0 Bb7 10. e4 e5 11. Ne2 0-0 12. Bg5 c5 13. Bxf6 Qxf6 14. Bxb5 Nb6 15. d5 Rad8 16. Ng3 g6 17. Qe2 Bc8 18. h3 Qe7 19. Rfe1 Nd7 20. Rac1 h5 21. Rc3 Kg7 22. Nd2 Nf6 23. Nc4 h4 24. Nxd6 Rxd6 25. Nf1 Nh5 26. Kh1 Nf4 27. Qc2 Qg5 28. Ne3 Rf6 29. Bf1 c4 30. Rxc4 Ba6 31. Rc6 Bxf1 32. Rxf1 Rxc6 33. dxc6 Rc8 34. c7 Qe7 35. Rc1 Ne6 36. Nd5 Qd6 37. b4 f5 38. exf5 gxf5 39. Qc6 Qxc6 40. Rxc6 Kf7 41. Ra6 Nd4 42. Rxa7 Nb5 43. Rb7 Nd6 44. Nb6 Nxb7 45. Nxc8 1-0

[Event "WchT Seniors 50"]
[Site "Struga"]
[Date "2023.09.27"]
[Round "8.1"]
[White "Plotkin, Victor"]
[Black "Georgiev, Kiril"]
[Result "1/2-1/2"]
[WhiteElo "2193"]
[BlackElo "2542"]
[PlyCount "132"]
[EventDate "2023.09.19"]
[EventType "team-swiss"]
[EventRounds "9"]
[EventCountry "MKD"]
[SourceTitle "EXT 2024"]
[Source "ChessBase"]
[SourceDate "2023.10.10"]
[SourceVersion "1"]
[SourceVersionDate "2023.10.10"]
[SourceQuality "1"]
[WhiteTeam "Canada 50"]
[BlackTeam "Macedonia Alkaloid 50"]
[WhiteTeamCountry "CAN"]
[BlackTeamCountry "MKD"]

1. e4 e5 2. Nf3 Nc6 3. Bc4 Bc5 4. d3 Nf6 5. Nc3 d6 6. Be3 Bb6 7. h3 h6 8. 0-0 0-0 9. Re1 Re8 10. a3 Be6 11. Bxe6 Rxe6 12. Nd5 Bxe3 13. Rxe3 Ne7 14. Nxe7+ Qxe7 15. Nh4 g6 16. Nf5 Qf8 17. Ng3 d5 18. Qd2 Rd8 19. Rae1 dxe4 20. Nxe4 Nd5 21. R3e2 Nf4 22. Re3 b6 23. g3 Nd5 24. R3e2 Ne7 25. f4 exf4 26. Qxf4 Nd5 27. Qf2 Qg7 28. c3 c5 29. Nd2 Nc7 30. Rxe6 Nxe6 31. Re3 Rd7 32. Nc4 h5 33. Ne5 Re7 34. Qe2 h4 35. Nc6 Rc7 36. Nd8 Nxd8 37. Re8+ Kh7 38. Rxd8 hxg3 39. Qe3 Qf6 40. Re8 Rd7 41. Qxg3 Rd5 42. Re4 Kg7 43. h4 a5 44. Re3 Rf5 45. Kg2 Qc6+ 46. Kg1 Qa4 47. Qe1 Qg4+ 48. Rg3 Qf4 49. Re3 Kh7 50. Kg2 Qg4+ 51. Rg3 Qa4 52. Qe2 Qc6+ 53. Qe4 Qf6 54. Rf3 Rxf3 55. Qxf3 Qxf3+ 56. Kxf3 a4 57. Ke4 Kg7 58. Ke5 f6+ 59. Ke6 f5 60. Ke5 Kf8 61. d4 cxd4 62. cxd4 Ke7 63. d5 Kd7 64. d6 b5 65. Kd5 Kd8 66. Ke5 Kd7 1/2-1/2

[Event "WchT Seniors 50"]
[Site "Struga"]
[Date "2023.09.26"]
[Round "7.1"]
[White "Hjartarson, Johann"]
[Black "Georgiev, Kiril"]
[Result "1-0"]
[WhiteElo "2432"]
[BlackElo "2542"]
[PlyCount "219"]
[EventDate "2023.09.19"]
[EventType "team-swiss"]
[EventRounds "9"]
[EventCountry "MKD"]
[SourceTitle "EXT 2024"]
[Source "ChessBase"]
[SourceDate "2023.10.10"]
[SourceVersion "1"]
[SourceVersionDate "2023.10.10"]
[SourceQuality "1"]
[WhiteTeam "Iceland 50"]
[BlackTeam "Macedonia Alkaloid 50"]
[WhiteTeamCountry "ISL"]
[BlackTeamCountry "MKD"]

1. e4 c5 2. Nf3 d6 3. d4 Nf6 4. Nc3 cxd4 5. Nxd4 a6 6. Be2 e6 7. 0-0 Be7 8. a4 Nc6 9. Be3 0-0 10. f4 Qc7 11. Kh1 Re8 12. Bf3 Rb8 13. Qd2 e5 14. Nde2 exf4 15. Nxf4 Be6 16. Nfd5 Bxd5 17. exd5 Ne5 18. Be2 Nfd7 19. Bd4 Rbc8 20. a5 Bf6 21. Ra4 Ng6 22. Bg4 Bxd4 23. Qxd4 Re7 24. h4 Nge5 25. Be2 Nc5 26. Ra3 Rce8 27. h5 h6 28. Qf2 Kh8 29. Qg3 Ncd7 30. Rf4 Nf8 31. Bf1 Nh7 32. Ne4 f6 33. Qc3 Qd8 34. Ng3 Rc7 35. Qd2 Qc8 36. Rc3 Ng5 37. Rxc7 Qxc7 38. c4 b6 39. axb6 Qxb6 40. b4 Rb8 41. Nf5 Ngf7 42. b5 axb5 43. cxb5 Ra8 44. Qc3 Qb7 45. Qb3 Qb6 46. Nd4 Ng5 47. Qc3 Qb7 48. Nc6 Nd7 49. Kh2 Nc5 50. Qe3 Qf7 51. Be2 Re8 52. Qd2 Nge4 53. Qd4 Nc3 54. Qxc3 Rxe2 55. Qf3 Rb2 56. Rb4 Rd2 57. Nd4 f5 58. b6 Qf6 59. Nc6 Qf7 60. Nd8 Qxd5 61. Qxd5 Rxd5 62. b7 Nxb7 63. Nxb7 f4 64. Rxf4 Rxh5+ 65. Kg3 Rd5 66. Rf7 Rd3+ 67. Kg4 Rd4+ 68. Kf3 Rd3+ 69. Ke2 Rd5 70. Rd7 Rg5 71. Kf2 d5 72. Nd6 Kh7 73. Ne8 Kg8 74. Nc7 Rf5+ 75. Kg3 Rg5+ 76. Kh2 Rh5+ 77. Kg1 Rg5 78. Nxd5 Re5 79. Nf4 Re4 80. Nh5 Rg4 81. Kf2 Rg5 82. Nf4 Re5 83. Kf3 Rf5 84. Ke4 Rg5 85. Rd5 Rg3 86. Rd3 Rg5 87. Kf3 Rf5 88. g3 Rf7 89. Kg4 Kh7 90. Rd8 Re7 91. Kf5 Rf7+ 92. Ke6 Ra7 93. Rd7 Ra6+ 94. Kf5 Ra5+ 95. Nd5 Rb5 96. Ke6 Rb3 97. Nf6+ Kg6 98. Ne4 Rf3 99. Ra7 Re3 100. Ke5 Rf3 101. g4 Re3 102. Kf4 Rb3 103. Ng3 Rb4+ 104. Kf3 Rb3+ 105. Kg2 Rb2+ 106. Kh3 Rf2 107. Nf5 h5 108. Kg3 Rf1 109. Rxg7+ Kf6 110. g5+ 1-0

[Event "WchT Seniors 50"]
[Site "Struga"]
[Date "2023.09.24"]
[Round "6.1"]
[White "Georgiev, Kiril"]
[Black "Adams, Michael"]
[Result "0-1"]
[WhiteElo "2542"]
[BlackElo "2662"]
[PlyCount "119"]
[EventDate "2023.09.19"]
[EventType "team-swiss"]
[EventRounds "9"]
[EventCountry "MKD"]
[SourceTitle "EXT 2024"]
[Source "ChessBase"]
[SourceDate "2023.10.10"]
[SourceVersion "1"]
[SourceVersionDate "2023.10.10"]
[SourceQuality "1"]
[WhiteTeam "Macedonia Alkaloid 50"]
[BlackTeam "England 50"]
[WhiteTeamCountry "MKD"]
[BlackTeamCountry "ENG"]

1. d4 Nf6 2. Nf3 e6 3. g3 c5 4. Bg2 cxd4 5. Nxd4 d5 6. c4 e5 7. Nf3 d4 8. 0-0 Nc6 9. e3 Be7 10. exd4 exd4 11. Re1 0-0 12. Nbd2 d3 13. a3 a5 14. b3 Bc5 15. Bb2 Bf5 16. h3 Qb6 17. Rf1 Bg6 18. Nh4 Bd4 19. Nxg6 hxg6 20. Bxd4 Nxd4 21. Ne4 Qxb3 22. Nc5 Qxc4 23. Nxd3 Rad8 24. Rc1 Qa2 25. Ra1 Qc4 26. Rc1 Qa2 27. Ra1 Qc2 28. Qxc2 Nxc2 29. Ra2 Ne3 30. fxe3 Rxd3 31. Bxb7 Rb8 32. Bf3 Rxe3 33. a4 Rbb3 34. Kg2 Ne4 35. h4 f5 36. Rc2 Kh7 37. g4 fxg4 38. Bxe4 Rxe4 39. Ra2 Rbb4 40. Rf8 Rxa4 41. Rd2 Rad4 42. Rc2 Rc4 43. Rd2 Red4 44. Re2 Ra4 45. Re3 g5 46. hxg5 Kg6 47. Kg3 Kxg5 48. Ra8 Rd5 49. Rae8 Rf5 50. Re2 Ra3+ 51. Kg2 g6 52. Rd2 Rb3 53. Ra2 Rfb5 54. Ree2 R3b4 55. Kf2 a4 56. Ra1 Kf5 57. Ra3 Rf4+ 58. Kg2 Rb3 59. Ra1 a3 60. Rc2 0-1

[Event "WchT Seniors 50"]
[Site "Struga"]
[Date "2023.09.23"]
[Round "5.1"]
[White "Georgiev, Kiril"]
[Black "Gdanski, Jacek"]
[Result "1/2-1/2"]
[WhiteElo "2542"]
[BlackElo "2484"]
[PlyCount "95"]
[EventDate "2023.09.19"]
[EventType "team-swiss"]
[EventRounds "9"]
[EventCountry "MKD"]
[SourceTitle "EXT 2024"]
[Source "ChessBase"]
[SourceDate "2023.10.10"]
[SourceVersion "1"]
[SourceVersionDate "2023.10.10"]
[SourceQuality "1"]
[WhiteTeam "Macedonia Alkaloid 50"]
[BlackTeam "Poland 50"]
[WhiteTeamCountry "MKD"]
[BlackTeamCountry "POL"]

1. c4 e5 2. Nc3 Nf6 3. Nf3 Nc6 4. g3 Bb4 5. Nd5 Bc5 6. Bg2 0-0 7. 0-0 d6 8. d3 h6 9. e3 a6 10. a3 Ba7 11. b4 Nxd5 12. cxd5 Ne7 13. Qb3 c6 14. dxc6 Be6 15. Qd1 Nxc6 16. Bb2 Qd7 17. d4 exd4 18. Nxd4 Bxd4 19. Bxd4 Bh3 20. Bxh3 Qxh3 21. Bb2 Qe6 22. Qf3 Rad8 23. Rfd1 Rd7 24. Rac1 Rfd8 25. Qd5 Ne7 26. Qh5 d5 27. Qe5 Qg6 28. Rc5 Nc6 29. Qf4 Qe6 30. h4 f6 31. Rd2 Ne5 32. Bxe5 fxe5 33. Qf3 d4 34. exd4 exd4 35. Qd3 Kh8 36. Re2 Qd6 37. Re4 Re7 38. Rf4 Re5 39. Rc1 Qd5 40. Kh2 Re7 41. Rd1 Rf7 42. Qxd4 Rxf4 43. Qxd5 Rxf2+ 44. Kh3 Rxd5 45. Rxd5 Rf3 46. a4 Rb3 47. b5 a5 48. b6 1/2-1/2

[Event "Shumen Stojan Ivanov Memorial"]
[Site "Shumen"]
[Date "2023.07.30"]
[Round "9"]
[White "Pantev, Veselin"]
[Black "Georgiev, Kiril"]
[Result "1/2-1/2"]
[WhiteElo "2365"]
[BlackElo "2605"]
[PlyCount "87"]
[EventDate "2023.07.28"]
[EventType "swiss (rapid)"]
[EventRounds "11"]
[EventCountry "BUL"]
[SourceTitle "CBM 215 Extra"]
[Source "ChessBase"]
[SourceDate "2023.09.30"]
[SourceVersion "1"]
[SourceVersionDate "2023.09.30"]
[SourceQuality "1"]

1. d4 Nf6 2. Bf4 g6 3. e3 Bg7 4. Be2 d6 5. Nf3 0-0 6. c3 c5 7. dxc5 dxc5 8. Nbd2 Nc6 9. h3 b6 10. 0-0 Bb7 11. Qc2 Qc8 12. a4 Na5 13. Rfe1 Rd8 14. Ne5 Qe6 15. Nec4 Nxc4 16. Nxc4 Be4 17. Qc1 Bd3 18. Bxd3 Rxd3 19. Ne5 Rd5 20. Nf3 Ne4 21. Qc2 Rad8 22. Qe2 h6 23. a5 g5 24. axb6 axb6 25. Bc7 R8d7 26. Bb8 h5 27. Rf1 g4 28. hxg4 hxg4 29. Nh2 Rd2 30. Qb5 Nxf2 31. Rxf2 Rxf2 32. Kxf2 Rd2+ 33. Kg1 Qxe3+ 34. Kh1 g3 35. Qe8+ Bf8 36. Qa4 gxh2 37. Qg4+ Bg7 38. Bxh2 Qe6 39. Qf3 Rxb2 40. Ra8+ Kh7 41. Qh5+ Qh6 42. Qf5+ Qg6 43. Qh3+ Bh6 44. Bf4 1/2-1/2

[Event "Shumen Stojan Ivanov Memorial"]
[Site "Shumen"]
[Date "2023.07.29"]
[Round "7"]
[White "Ivelinov, Hristo"]
[Black "Georgiev, Kiril"]
[Result "0-1"]
[WhiteElo "2116"]
[BlackElo "2605"]
[PlyCount "80"]
[EventDate "2023.07.28"]
[EventType "swiss (rapid)"]
[EventRounds "11"]
[EventCountry "BUL"]
[SourceTitle "CBM 215 Extra"]
[Source "ChessBase"]
[SourceDate "2023.09.30"]
[SourceVersion "1"]
[SourceVersionDate "2023.09.30"]
[SourceQuality "1"]

1. d4 Nf6 2. c4 g6 3. Nc3 d5 4. cxd5 Nxd5 5. Nf3 Bg7 6. Qb3 Nb6 7. Bf4 0-0 8. Rd1 Nc6 9. d5 Na5 10. Qc2 Bd7 11. h4 c6 12. e4 Qc8 13. Ne5 cxd5 14. Nxd7 Nxd7 15. Rxd5 Nc6 16. Qd2 Nf6 17. Rc5 Rd8 18. Qc1 b6 19. Rc4 Qe6 20. Qe3 Ng4 21. Qg3 Na5 22. Ra4 Bxc3+ 23. bxc3 Nf6 24. Qe3 Rac8 25. Be2 Nc4 26. Qf3 Nxe4 27. h5 g5 28. Bc1 h6 29. Rxa7 Ncd2 30. Qe3 Rxc3 31. Bxd2 Rxd2 32. Qxd2 Nxd2 33. Kxd2 Rc7 34. Rxc7 Qd6+ 35. Bd3 Qxc7 36. g3 Qc5 37. Ke2 Qd5 38. Rd1 Qxa2+ 39. Rd2 Qe6+ 40. Kf1 Qh3+ 0-1

[Event "Kuressaare Saaremaa Rapid 4th"]
[Site "Kuressaare"]
[Date "2023.06.03"]
[Round "4"]
[White "Kazakouski, Valery"]
[Black "Georgiev, Kiril"]
[Result "0-1"]
[WhiteElo "2524"]
[BlackElo "2546"]
[PlyCount "100"]
[EventDate "2023.06.03"]
[EventType "swiss (rapid)"]
[EventRounds "11"]
[EventCountry "EST"]
[SourceTitle "CBM 214 Extra"]
[Source "ChessBase"]
[SourceDate "2023.07.31"]
[SourceVersion "1"]
[SourceVersionDate "2023.07.31"]
[SourceQuality "1"]

1. e4 e5 2. Nf3 Nc6 3. Bb5 Nf6 4. d3 Bc5 5. Bxc6 dxc6 6. Qe2 Nd7 7. Nbd2 0-0 8. Nc4 Re8 9. 0-0 a5 10. Be3 Bf8 11. a4 c5 12. Kh1 b6 13. Rae1 Ba6 14. Nfd2 Nb8 15. g3 Nc6 16. f4 exf4 17. gxf4 f5 18. b3 Nb4 19. Qd1 Bb7 20. Bf2 Qf6 21. Ne5 fxe4 22. Nxe4 Qf5 23. Bg3 Rad8 24. Qc1 Rd4 25. Kg1 Bxe4 26. dxe4 Rxe4 27. c3 Rxe1 28. Rxe1 Nd5 29. Qd2 Nf6 30. Qe2 h6 31. Kg2 Kh7 32. Rd1 Bd6 33. Qd3 Qe4+ 34. Kg1 Qxd3 35. Rxd3 Nh5 36. Rd5 Bxe5 37. fxe5 Re7 38. Kf2 Kg6 39. Kf3 Nxg3 40. hxg3 Kf5 41. g4+ Ke6 42. Ke4 Re8 43. Rd3 Rf8 44. Rh3 Rf1 45. Rh5 Re1+ 46. Kf4 g5+ 47. Kf3 Kxe5 48. Rxh6 Rc1 49. Rh7 Rxc3+ 50. Ke2 Kf4 0-1

[Event "Kuressaare Saaremaa Rapid 4th"]
[Site "Kuressaare"]
[Date "2023.06.03"]
[Round "6"]
[White "Pultinevicius, Paulius"]
[Black "Georgiev, Kiril"]
[Result "1-0"]
[WhiteElo "2537"]
[BlackElo "2546"]
[PlyCount "87"]
[EventDate "2023.06.03"]
[EventType "swiss (rapid)"]
[EventRounds "11"]
[EventCountry "EST"]
[SourceTitle "CBM 214 Extra"]
[Source "ChessBase"]
[SourceDate "2023.07.31"]
[SourceVersion "1"]
[SourceVersionDate "2023.07.31"]
[SourceQuality "1"]

1. d4 Nf6 2. c4 g6 3. Nc3 d5 4. cxd5 Nxd5 5. e4 Nxc3 6. bxc3 Bg7 7. Qa4+ Qd7 8. Bb5 c6 9. Be2 0-0 10. Nf3 c5 11. Qxd7 Bxd7 12. Rb1 b6 13. Be3 Nc6 14. 0-0 cxd4 15. cxd4 f5 16. d5 Ne5 17. Nxe5 Bxe5 18. f4 Bg7 19. e5 Rfd8 20. Rfc1 Rac8 21. Ba6 Rxc1+ 22. Rxc1 Kf8 23. Rc7 Be8 24. Bc4 Bf7 25. e6 Be8 26. Rxa7 b5 27. Bb3 Bf6 28. Rc7 h6 29. Bc5 g5 30. g3 Bh5 31. Kf2 gxf4 32. gxf4 Bh4+ 33. Ke3 Bf6 34. Bd4 Bxd4+ 35. Kxd4 Be2 36. Rc3 Ra8 37. Ke5 Bc4 38. Bxc4 bxc4 39. Rxc4 Rxa2 40. Rc8+ Kg7 41. Re8 Ra7 42. Kxf5 Rb7 43. Ke5 Ra7 44. f5 1-0

[Event "Bucharest Grand Prix"]
[Site "Bucharest"]
[Date "2023.04.30"]
[Round "10"]
[White "Castellanos Rodriguez, Renier"]
[Black "Georgiev, Kiril"]
[Result "0-1"]
[WhiteElo "2478"]
[BlackElo "2546"]
[PlyCount "86"]
[EventDate "2023.04.29"]
[EventType "swiss (rapid)"]
[EventRounds "10"]
[EventCountry "ROU"]
[SourceTitle "CBM 213 Extra"]
[Source "ChessBase"]
[SourceDate "2023.05.31"]
[SourceVersion "1"]
[SourceVersionDate "2023.05.31"]
[SourceQuality "1"]

1. e4 c5 2. Nf3 d6 3. d4 cxd4 4. Nxd4 Nf6 5. Nc3 a6 6. Be3 e5 7. Nb3 Be6 8. h3 Nbd7 9. Qd3 Rc8 10. 0-0-0 Nb6 11. Kb1 Nc4 12. Bc1 b5 13. g4 Be7 14. g5 Nd7 15. h4 Ndb6 16. Nd5 Nxd5 17. exd5 Bg4 18. f3 Bh5 19. Bh3 Rc7 20. Bf5 Bg6 21. Be4 Qd7 22. Rdg1 Kd8 23. h5 Bxe4 24. fxe4 Kc8 25. Rf1 Bd8 26. Rf5 g6 27. hxg6 fxg6 28. Rf3 Kb8 29. a3 Rg8 30. Rhf1 Qg4 31. Rf7 Bxg5 32. Rxc7 Kxc7 33. Rf7+ Kb8 34. Bxg5 Qxg5 35. Rxh7 Rf8 36. Qh3 Qd8 37. Rg7 Rg8 38. Qh7 Rxg7 39. Qxg7 g5 40. Ka2 Ne3 41. c3 Nc4 42. Nc1 a5 43. Nd3 Nd2 0-1

[Event "Bucharest Grand Prix"]
[Site "Bucharest"]
[Date "2023.04.29"]
[Round "1"]
[White "Georgiev, Kiril"]
[Black "Pitigoi, Sabina Andreea"]
[Result "1-0"]
[WhiteElo "2546"]
[BlackElo "1853"]
[PlyCount "59"]
[EventDate "2023.04.29"]
[EventType "swiss (rapid)"]
[EventRounds "10"]
[EventCountry "ROU"]
[SourceTitle "CBM 213 Extra"]
[Source "ChessBase"]
[SourceDate "2023.05.31"]
[SourceVersion "1"]
[SourceVersionDate "2023.05.31"]
[SourceQuality "1"]

1. c4 d5 2. cxd5 Qxd5 3. Nc3 Qd8 4. d4 c6 5. e4 Nf6 6. Nf3 Bg4 7. Qb3 Bxf3 8. gxf3 b6 9. d5 cxd5 10. Nxd5 Nxd5 11. Bb5+ Nd7 12. Qxd5 Rc8 13. Be3 e6 14. Qd4 Rc5 15. a4 e5 16. Qxd7+ Qxd7 17. Bxd7+ Kxd7 18. Bxc5 Bxc5 19. Ke2 Bd4 20. Rhd1 Ke6 21. Rac1 Bxb2 22. Rc6+ Ke7 23. Rc7+ Ke6 24. Rd2 Bd4 25. Rdc2 Bc5 26. Rxa7 Rd8 27. a5 Rd6 28. Rb7 Bd4 29. a6 Rd8 30. Rc6+ 1-0

[Event "ISR-chT"]
[Site "Israel"]
[Date "2023.02.03"]
[Round "5.5"]
[White "Dardha, Daniel"]
[Black "Georgiev, Kiril"]
[Result "1-0"]
[WhiteElo "2613"]
[BlackElo "2546"]
[PlyCount "79"]
[EventDate "2023.01.11"]
[EventType "team-tourn"]
[EventRounds "11"]
[EventCountry "ISR"]
[SourceTitle "EXT 2024"]
[Source "ChessBase"]
[SourceDate "2023.10.10"]
[SourceVersion "1"]
[SourceVersionDate "2023.10.10"]
[SourceQuality "1"]
[WhiteTeam "Ramat Gan Etude"]
[BlackTeam "Ashdod II"]
[WhiteTeamCountry "ISR"]
[BlackTeamCountry "ISR"]

1. Nf3 Nf6 2. c4 e6 3. Nc3 d5 4. d4 a6 5. cxd5 exd5 6. Bg5 Be6 7. Bxf6 Qxf6 8. Qb3 b5 9. a4 b4 10. Nxd5 Qd8 11. e4 c6 12. Qe3 cxd5 13. exd5 Qxd5 14. Rc1 Be7 15. Bd3 Qb7 16. Be4 Qa7 17. Qf4 Nd7 18. d5 0-0 19. dxe6 fxe6 20. Qg4 Nc5 21. 0-0 Rad8 22. Bb1 a5 23. Ne5 Qc7 24. Qh5 h6 25. f4 Rf6 26. Ng4 Qb6 27. Kh1 Nxa4 28. Nxf6+ Bxf6 29. Rfd1 Kf8 30. Rxd8+ Qxd8 31. Ba2 Qd2 32. Rc8+ Bd8 33. h3 Nc3 34. Qc5+ Kf7 35. bxc3 Qc1+ 36. Qg1 Qd2 37. cxb4 axb4 38. f5 Qxa2 39. Rxd8 exf5 40. Qd4 1-0

[Event "BUL-ch"]
[Site "Sofia"]
[Date "2023.01.23"]
[Round "3"]
[White "Georgiev, Kiril"]
[Black "Kanov, Nikola"]
[Result "1-0"]
[WhiteElo "2546"]
[BlackElo "2383"]
[PlyCount "167"]
[EventDate "2023.01.21"]
[EventType "swiss"]
[EventRounds "9"]
[EventCountry "BUL"]
[SourceTitle "CBM 212 Extra"]
[Source "ChessBase"]
[SourceDate "2023.03.31"]
[SourceVersion "1"]
[SourceVersionDate "2023.03.31"]
[SourceQuality "1"]

1. Nf3 d5 2. d4 Nf6 3. c4 dxc4 4. e3 e6 5. Bxc4 c5 6. 0-0 a6 7. dxc5 Qxd1 8. Rxd1 Bxc5 9. Nfd2 b6 10. Be2 Bb7 11. Nb3 Be7 12. f3 Nbd7 13. e4 Nc5 14. Nxc5 Bxc5+ 15. Kf1 Ke7 16. Bg5 h6 17. Bh4 g5 18. Bf2 Rac8 19. Nc3 Nd7 20. Bg3 b5 21. a3 Rhd8 22. Ke1 f5 23. exf5 exf5 24. Kf1 f4 25. Bf2 Bxf2 26. Kxf2 Ne5 27. Rac1 h5 28. h3 Ke6 29. Rxd8 Rxd8 30. Rc2 Rd4 31. Na2 Bd5 32. Nb4 Bb3 33. Rc3 Bc4 34. b3 Bxe2 35. Kxe2 Rd6 36. Rc5 a5 37. Nc2 Rd5 38. Rxb5 Rxb5 39. Nd4+ Kd5 40. Nxb5 Kc5 41. Nc3 Kd4 42. Kd2 Ng6 43. Ne2+ Kd5 44. Ke1 Ne5 45. h4 gxh4 46. Nxf4+ Kd4 47. Kd2 Nd7 48. Nxh5 Nc5 49. b4 axb4 50. axb4 Nb3+ 51. Ke2 Nc1+ 52. Kf1 Kc4 53. Kg1 Nd3 54. Kh2 Nf2 55. Ng7 Kxb4 56. Nf5 Kc5 57. Nxh4 Kd5 58. Kg3 Nd3 59. Ng6 Kd6 60. Nf4 Ne5 61. Kf2 Ke7 62. Ke3 Kf6 63. Nd3 Ng6 64. Ke4 Nh4 65. g3 Nf5 66. g4 Nd6+ 67. Kf4 Nf7 68. Nc5 Kg6 69. Ne4 Nd8 70. Kg3 Ne6 71. f4 Nd4 72. Kf2 Nc6 73. f5+ Kf7 74. Kg3 Ne5 75. g5 Kg7 76. Kf4 Nd3+ 77. Kg4 Kh7 78. Nf6+ Kg7 79. Nh5+ Kh7 80. f6 Ne5+ 81. Kf5 Ng6 82. Nf4 Nf8 83. g6+ Kg8 84. Ne6 1-0

[Event "Skopje op"]
[Site "Skopje"]
[Date "2022.10.26"]
[Round "8"]
[White "Mihov, Filip"]
[Black "Georgiev, Kiril"]
[Result "0-1"]
[WhiteElo "2260"]
[BlackElo "2538"]
[PlyCount "70"]
[EventDate "2022.10.21"]
[EventType "swiss"]
[EventRounds "9"]
[EventCountry "MKD"]
[SourceTitle "EXT 2024"]
[Source "ChessBase"]
[SourceDate "2023.10.10"]
[SourceVersion "1"]
[SourceVersionDate "2023.10.10"]
[SourceQuality "1"]

1. d4 Nf6 2. c4 g6 3. Nc3 d5 4. cxd5 Nxd5 5. Bd2 c5 6. dxc5 Bg7 7. Rc1 Nc6 8. e4 Ndb4 9. a3 Nd3+ 10. Bxd3 Qxd3 11. Nge2 0-0 12. Be3 Qc4 13. 0-0 Be6 14. b4 Rfd8 15. Qc2 Rd3 16. Nb1 Qxc2 17. Rxc2 Rb3 18. Nf4 Bd7 19. Ra2 g5 20. Nh5 Be6 21. Nxg7 Kxg7 22. Ra1 f6 23. Rd1 Bg4 24. Rc1 Rd8 25. Nc3 Rd3 26. Nb1 a6 27. h3 Be6 28. Nd2 Rxa3 29. Rxa3 Rxa3 30. Rb1 Na7 31. Nf3 Rd3 32. e5 Nb5 33. exf6+ exf6 34. Kf1 Ba2 35. Rb2 Rd1+ 0-1

[Event "Skopje op"]
[Site "Skopje"]
[Date "2022.10.21"]
[Round "1"]
[White "Georgiev, Kiril"]
[Black "Tabakovski, Dino"]
[Result "1-0"]
[WhiteElo "2538"]
[BlackElo "1722"]
[PlyCount "169"]
[EventDate "2022.10.21"]
[EventType "swiss"]
[EventRounds "9"]
[EventCountry "MKD"]
[SourceTitle "EXT 2024"]
[Source "ChessBase"]
[SourceDate "2023.10.10"]
[SourceVersion "1"]
[SourceVersionDate "2023.10.10"]
[SourceQuality "1"]

1. d4 Nf6 2. Nf3 g6 3. g3 Bg7 4. Bg2 d6 5. 0-0 0-0 6. Re1 c5 7. dxc5 dxc5 8. Qxd8 Rxd8 9. c3 Ng4 10. Na3 Bd7 11. h3 Nh6 12. Bxh6 Bxh6 13. Ne5 Nc6 14. Nxd7 Rxd7 15. Bxc6 bxc6 16. Red1 Rad8 17. Rxd7 Rxd7 18. Nc4 Kg7 19. e3 Kf6 20. Kf1 Ke6 21. e4 Bg7 22. Ke2 Be5 23. Rd1 Rxd1 24. Kxd1 Bc7 25. Ke2 Bd8 26. Kd3 Bc7 27. Nd2 Bb6 28. Kc4 f6 29. f4 Kd6 30. a4 e5 31. f5 g5 32. g4 a6 33. Nb3 a5 34. Nc1 Bd8 35. Nd3 Bb6 36. b3 Ba7 37. Nb2 Bb6 38. Nd1 Kc7 39. Nf2 Kd7 40. Nh1 Kc7 41. Ng3 Kd7 42. Nh5 Ke7 43. Ng7 Kd7 44. Ne6 Kd6 45. Nf8 Ke7 46. Ne6 Kd6 47. Kd3 Kd7 48. Ke2 Ke7 49. Kf3 Kd6 50. Nf8 Ke7 51. Ne6 Kd6 52. Kg3 Kd7 53. h4 h6 54. Kf3 Ke7 55. Ke2 Kd7 56. hxg5 hxg5 57. Kd3 Ke7 58. Kc4 Kd6 59. Ng7 Kd7 60. Nh5 Ke7 61. Ng3 Kd7 62. Ne2 Kc7 63. Nc1 Kd7 64. Nd3 Kd6 65. Nb2 Kc7 66. Kd3 Kd7 67. Nc4 Bc7 68. Kc2 Kc8 69. Kb2 Kb7 70. Ka3 Ka6 71. b4 cxb4+ 72. cxb4 Bd8 73. Nxa5 Bxa5 74. bxa5 Kxa5 75. Kb3 c5 76. Kc4 Kxa4 77. Kxc5 Kb3 78. Kd5 Kc3 79. Ke6 Kd4 80. Kxf6 Kxe4 81. Kxg5 Kd3 82. f6 e4 83. f7 e3 84. f8R e2 85. Re8 1-0

[Event "Plovdiv Trainers and Students 2nd"]
[Site "Plovdiv"]
[Date "2022.10.03"]
[Round "7"]
[White "Tilicheev, Viacheslav"]
[Black "Georgiev, Kiril"]
[Result "1/2-1/2"]
[WhiteElo "2498"]
[BlackElo "2538"]
[PlyCount "23"]
[EventDate "2022.09.29"]
[EventType "swiss"]
[EventRounds "9"]
[EventCountry "BUL"]
[SourceTitle "CBM 210 Extra"]
[Source "ChessBase"]
[SourceDate "2022.11.30"]
[SourceVersion "1"]
[SourceVersionDate "2022.11.30"]
[SourceQuality "1"]

1. d4 Nf6 2. c4 g6 3. g3 c6 4. Bg2 d5 5. cxd5 cxd5 6. Nf3 Bg7 7. 0-0 0-0 8. Nc3 Ng4 9. Ne5 Nf6 10. Nf3 Ne4 11. Ng5 Nf6 12. Nf3 1/2-1/2

[Event "Plovdiv Trainers and Students 2nd"]
[Site "Plovdiv"]
[Date "2022.09.30"]
[Round "2"]
[White "Dimitrov, Radoslav"]
[Black "Georgiev, Kiril"]
[Result "0-1"]
[WhiteElo "2499"]
[BlackElo "2538"]
[PlyCount "56"]
[EventDate "2022.09.29"]
[EventType "swiss"]
[EventRounds "9"]
[EventCountry "BUL"]
[SourceTitle "CBM 210 Extra"]
[Source "ChessBase"]
[SourceDate "2022.11.30"]
[SourceVersion "1"]
[SourceVersionDate "2022.11.30"]
[SourceQuality "1"]

1. d4 Nf6 2. Bg5 e6 3. e4 h6 4. Bxf6 Qxf6 5. Nc3 Bb4 6. Qd2 c5 7. a3 cxd4 8. axb4 dxc3 9. bxc3 0-0 10. f4 e5 11. fxe5 Qxe5 12. 0-0-0 d6 13. Nf3 Qxe4 14. Qxd6 Nc6 15. Re1 Qg4 16. Bd3 Bf5 17. h3 Qxg2 18. Rhg1 Qxf3 19. Rgf1 Qxh3 20. Rxf5 Rae8 21. Ref1 Qe3+ 22. Kb1 Ne5 23. Bb5 Qxc3 24. R5f4 Rc8 25. Rg1 Qxc2+ 26. Ka1 Ng6 27. Rf3 Rfd8 28. Bd7 Rc6 0-1